[Event "Moscow Aeroflot op-A"]
[Site "Moscow"]
[Date "2020.02.23"]
[Round "5"]
[White "Petrosyan, Manuel"]
[Black "Sethuraman, SP."]
[Result "1-0"]
[WhiteElo "2590"]
[BlackElo "2641"]
[PlyCount "81"]
[EventDate "2020.02.19"]
[EventType "swiss"]
[EventRounds "9"]
[EventCountry "RUS"]
[SourceTitle "CBM 195"]
[Source "ChessBase"]
[SourceDate "2020.04.30"]
[SourceVersion "1"]
[SourceVersionDate "2020.04.30"]
[SourceQuality "1"]

1. c4 e6 2. Nc3 d5 3. d4 c6 4. e3 Nf6 5. b3 g6 6. Bd3 Bg7 7. Ba3 Qa5 8. Qc1 Na6
9. Nge2 dxc4 10. bxc4 c5 11. O-O O-O 12. Nb5 Nb4 13. Bxb4 cxb4 14. a3 Bd7 15.
axb4 Qxb4 16. Nxa7 e5 17. c5 exd4 18. exd4 Nd5 19. Bc4 Be6 20. Rb1 Qa4 21. Nb5
Nf4 22. Qxf4 Qxc4 23. Nec3 Rad8 24. Rfd1 Bd7 25. h3 Bc6 26. Qd2 Be5 27. Qd3
Qxd3 28. Rxd3 Bb8 29. d5 Rfe8 30. Rdd1 Bd7 31. d6 Re5 32. Nd5 Bc6 33. Ne7+ Kg7
34. Nxc6 bxc6 35. Nc7 Ba7 36. Rb6 Kf6 37. Rxc6 Rxc5 38. Ra6 Bb8 39. Ne8+ Ke6
40. Re1+ Re5 41. Nc7+ 1-0

[Event "Moscow Aeroflot op-A"]
[Site "Moscow"]
[Date "2020.02.23"]
[Round "5"]
[White "Pogosyan, Stefan"]
[Black "Kulaots, Kaido"]
[Result "0-1"]
[WhiteElo "2455"]
[BlackElo "2510"]
[PlyCount "144"]
[EventDate "2020.02.19"]
[EventType "swiss"]
[EventRounds "9"]
[EventCountry "RUS"]
[SourceTitle "CBM 195"]
[Source "ChessBase"]
[SourceDate "2020.04.30"]
[SourceVersion "1"]
[SourceVersionDate "2020.04.30"]
[SourceQuality "1"]

1. c4 e5 2. Nc3 Bb4 3. g3 Bxc3 4. bxc3 d6 5. Bg2 Ne7 6. Nf3 Nbc6 7. O-O O-O 8.
d4 Bf5 9. Ba3 Re8 10. Qb3 Qc8 11. Rad1 h6 12. d5 Na5 13. Qa4 b6 14. c5 Nb7 15.
c6 Nd8 16. Nd2 f6 17. c4 Nf7 18. Qb3 Ng6 19. e4 Bh3 20. Bb2 Ng5 21. Rde1 Bxg2
22. Kxg2 Qh3+ 23. Kh1 f5 24. exf5 Qxf5 25. h4 Nh7 26. Qf3 Qh3+ 27. Kg1 Nf6 28.
Qg2 Qf5 29. Ne4 Rf8 30. f4 Nxe4 31. Rxe4 exf4 32. g4 Qf7 33. h5 Ne5 34. Rexf4
Qxf4 35. Rxf4 Rxf4 36. Bxe5 dxe5 37. d6 cxd6 38. Qd5+ Kh7 39. c7 Rc8 40. Qxd6
Rf7 41. Qd3+ e4 42. Qxe4+ Kh8 43. g5 hxg5 44. h6 Rcxc7 45. hxg7+ Kxg7 46. Qe5+
Kf8 47. Qh8+ Ke7 48. Qe5+ Kd8 49. Qd5+ Rcd7 50. Qxg5+ Kc8 51. Qg8+ Kb7 52. Qg2+
Ka6 53. Qc6 Rd8 54. Qb5+ Kb7 55. Qg5 Rfd7 56. Kg2 Rc7 57. Qf4 Rdd7 58. Qf3+ Rc6
59. a4 Rd4 60. a5 Rdxc4 61. axb6 axb6 62. Kf1 b5 63. Ke2 b4 64. Qf7+ Kb6 65.
Kd3 b3 66. Qf8 Kb5 67. Qb8+ Ka4 68. Qa7+ Kb4 69. Qe7+ R6c5 70. Qb7+ Ka3 71.
Qa7+ Kb2 72. Qg7+ Kb1 0-1

[Event "Moscow Aeroflot op-A"]
[Site "Moscow"]
[Date "2020.02.23"]
[Round "5"]
[White "Puranik, Abhimanyu Sameer"]
[Black "Sjugirov, Sanan"]
[Result "0-1"]
[WhiteElo "2597"]
[BlackElo "2674"]
[PlyCount "56"]
[EventDate "2020.02.19"]
[EventType "swiss"]
[EventRounds "9"]
[EventCountry "RUS"]
[SourceTitle "CBM 195"]
[Source "ChessBase"]
[SourceDate "2020.04.30"]
[SourceVersion "1"]
[SourceVersionDate "2020.04.30"]
[SourceQuality "1"]

1. Nf3 d5 2. g3 g6 3. Bg2 Bg7 4. O-O e5 5. d3 Ne7 6. e4 O-O 7. exd5 Nxd5 8. Re1
Nc6 9. Nc3 Nde7 10. Rb1 a5 11. b3 Nf5 12. Nb5 Re8 13. Bb2 a4 14. bxa4 Rxa4 15.
a3 Ra8 16. c4 Nd6 17. Qb3 Bf5 18. Rbd1 Qd7 19. a4 Rad8 20. c5 Be6 21. Qa3 Nc4
22. dxc4 Qxd1 23. Nxc7 e4 24. Nxe8 exf3 25. Bc3 Rd3 26. Rxd1 Rxd1+ 27. Bf1 Bxc3
28. Qb3 Rxf1+ 0-1

[Event "Moscow Aeroflot op-A"]
[Site "Moscow"]
[Date "2020.02.23"]
[Round "5"]
[White "Radovanovic, Mihajlo"]
[Black "Frolyanov, Dmitry"]
[Result "0-1"]
[WhiteElo "2458"]
[BlackElo "2556"]
[PlyCount "94"]
[EventDate "2020.02.19"]
[EventType "swiss"]
[EventRounds "9"]
[EventCountry "RUS"]
[SourceTitle "CBM 195"]
[Source "ChessBase"]
[SourceDate "2020.04.30"]
[SourceVersion "1"]
[SourceVersionDate "2020.04.30"]
[SourceQuality "1"]

1. Nf3 d5 2. c4 e6 3. g3 dxc4 4. Qa4+ Nd7 5. Qxc4 a6 6. Bg2 b5 7. Qc2 Bb7 8.
O-O Ngf6 9. a4 c5 10. d3 Be7 11. Nc3 Qb6 12. Qb3 b4 13. Nb1 a5 14. Nbd2 O-O 15.
Nc4 Qa6 16. e4 Nb6 17. Nfe5 Nxc4 18. Nxc4 Nd7 19. Be3 Rac8 20. Rac1 Rfd8 21.
Bh3 Bf6 22. f4 Bd4 23. Bxd4 cxd4 24. f5 Nc5 25. Qd1 Nxe4 26. fxe6 fxe6 27. dxe4
Rxc4 28. Rxc4 Qxc4 29. Qf3 Qc8 30. Qf7+ Kh8 31. Bxe6 Qa8 32. Bf5 Bc8 33. Rc1
Bxf5 34. Rc7 Rg8 35. Qxf5 d3 36. Rd7 Qc8 37. Rxd3 Qc1+ 38. Qf1 Qxb2 39. Rd5 Qc2
40. Qd3 Qxa4 41. Qd4 Qa2 42. Rd7 Qb1+ 43. Kg2 h6 44. Rb7 Qc2+ 45. Kg1 b3 46. h4
a4 47. Qxa4 Rd8 0-1

[Event "Moscow Aeroflot op-A"]
[Site "Moscow"]
[Date "2020.02.23"]
[Round "5"]
[White "Rahul, Srivatshav P"]
[Black "Sreeshwan, Maralakshikari"]
[Result "0-1"]
[WhiteElo "2474"]
[BlackElo "2440"]
[PlyCount "114"]
[EventDate "2020.02.19"]
[EventType "swiss"]
[EventRounds "9"]
[EventCountry "RUS"]
[SourceTitle "CBM 195"]
[Source "ChessBase"]
[SourceDate "2020.04.30"]
[SourceVersion "1"]
[SourceVersionDate "2020.04.30"]
[SourceQuality "1"]

1. d4 d5 2. c4 c6 3. Nc3 Nf6 4. e3 e6 5. Nf3 Nbd7 6. Qc2 b6 7. Bd3 Bb7 8. O-O
Be7 9. b3 O-O 10. Bb2 h6 11. Rfd1 Qc7 12. Rac1 Rac8 13. Qe2 Qb8 14. e4 dxe4 15.
Nxe4 c5 16. dxc5 bxc5 17. Bc2 Rfd8 18. Rd2 Nxe4 19. Bxe4 Bxe4 20. Qxe4 Nf6 21.
Qe2 Rxd2 22. Nxd2 Rd8 23. Nf3 Qd6 24. Bc3 Qf4 25. Rd1 Ne4 26. Be5 Qf5 27. Rxd8+
Bxd8 28. Qd3 Ba5 29. Qc2 Be1 30. Nxe1 Qxe5 31. Qe2 f5 32. g3 Kf7 33. Kg2 Qd4
34. Qc2 Ke7 35. Nd3 Kd6 36. a3 Nc3 37. f3 a5 38. h4 e5 39. Nf2 e4 40. fxe4 Nxe4
41. Nd1 Qd2+ 42. Qxd2+ Nxd2 43. Ne3 Ke5 44. Nd5 Nxb3 45. Ne7 Nd4 46. Kf2 a4 47.
Nd5 Nc2 48. Nb6 Nxa3 49. Nxa4 Kd4 50. Kf3 Nxc4 51. h5 Nd6 52. g4 fxg4+ 53. Kxg4
c4 54. Kf4 c3 55. Nxc3 Kxc3 56. Ke5 Ne8 57. Kf5 Nf6 0-1

[Event "Moscow Aeroflot op-A"]
[Site "Moscow"]
[Date "2020.02.23"]
[Round "5"]
[White "Rakhmanov, Alexander"]
[Black "Vaibhav, Suri"]
[Result "1/2-1/2"]
[WhiteElo "2645"]
[BlackElo "2591"]
[PlyCount "44"]
[EventDate "2020.02.19"]
[EventType "swiss"]
[EventRounds "9"]
[EventCountry "RUS"]
[SourceTitle "CBM 195"]
[Source "ChessBase"]
[SourceDate "2020.04.30"]
[SourceVersion "1"]
[SourceVersionDate "2020.04.30"]
[SourceQuality "1"]

1. Nf3 d5 2. e3 Nf6 3. c4 e6 4. b3 c5 5. Bb2 Nc6 6. cxd5 exd5 7. Bb5 Bd6 8. O-O
O-O 9. h3 Na5 10. Be2 Re8 11. d3 d4 12. exd4 cxd4 13. Bxd4 Nc6 14. Bxf6 Qxf6
15. Nbd2 Bf5 16. Ne4 Bxe4 17. dxe4 Rxe4 18. Bb5 Nd4 19. Nxd4 Rxd4 20. Qe2 Rd8
21. Rad1 Bc5 22. Rxd4 Bxd4 1/2-1/2

[Event "Moscow Aeroflot op-A"]
[Site "Moscow"]
[Date "2020.02.23"]
[Round "5"]
[White "Riazantsev, Alexander"]
[Black "Smirin, Ilia"]
[Result "1/2-1/2"]
[WhiteElo "2639"]
[BlackElo "2615"]
[PlyCount "59"]
[EventDate "2020.02.19"]
[EventType "swiss"]
[EventRounds "9"]
[EventCountry "RUS"]
[SourceTitle "CBM 195"]
[Source "ChessBase"]
[SourceDate "2020.04.30"]
[SourceVersion "1"]
[SourceVersionDate "2020.04.30"]
[SourceQuality "1"]

1. d4 Nf6 2. c4 g6 3. Nc3 Bg7 4. e4 d6 5. Be2 O-O 6. Be3 e5 7. d5 Na6 8. g4 Nc5
9. f3 h5 10. h4 a5 11. g5 Nfd7 12. Nh3 Nb6 13. Qd2 a4 14. Nf2 Bd7 15. O-O-O Qe7
16. Nb5 Qd8 17. Kb1 Re8 18. Na3 Bf8 19. Rc1 c6 20. Rhd1 Qc7 21. Qb4 Bc8 22. Bf1
Nbd7 23. Qd2 Rd8 24. Bh3 Rb8 25. Qe1 Nb6 26. Bf1 Bd7 27. Be2 Be8 28. Rc2 Nbd7
29. Bf1 Ra8 30. Qb4 1/2-1/2

[Event "Moscow Aeroflot op-A"]
[Site "Moscow"]
[Date "2020.02.23"]
[Round "5"]
[White "Sadhwani, Raunak"]
[Black "Indjic, Aleksandar"]
[Result "0-1"]
[WhiteElo "2522"]
[BlackElo "2622"]
[PlyCount "82"]
[EventDate "2020.02.19"]
[EventType "swiss"]
[EventRounds "9"]
[EventCountry "RUS"]
[SourceTitle "CBM 195"]
[Source "ChessBase"]
[SourceDate "2020.04.30"]
[SourceVersion "1"]
[SourceVersionDate "2020.04.30"]
[SourceQuality "1"]

1. Nf3 Nf6 2. c4 e6 3. g3 d5 4. d4 Be7 5. Bg2 O-O 6. O-O dxc4 7. Qc2 a6 8. a4
Bd7 9. Qxc4 Bc6 10. Bg5 Nbd7 11. Nc3 a5 12. Rfe1 h6 13. Bxf6 Nxf6 14. e4 Bb4
15. Ne5 Ra6 16. Re3 Be8 17. Rd1 Rb6 18. Qa2 Be7 19. Nc4 Rb4 20. b3 c6 21. Red3
Nd7 22. d5 Nc5 23. Re3 Qb8 24. d6 Bg5 25. f4 Bd8 26. Kh1 Rxb3 27. Ne5 f6 28.
Nf3 Bh5 29. f5 e5 30. Nd2 Bf7 31. Nxb3 Bxb3 32. Qa3 Bxd1 33. Qxc5 Bh5 34. Bf1
b5 35. Qxc6 Qa7 36. Qd5+ Bf7 37. Qd3 Qc5 38. Nd5 bxa4 39. Qa3 Qd4 40. d7 Bxd5
41. exd5 Bb6 0-1

[Event "Moscow Aeroflot op-A"]
[Site "Moscow"]
[Date "2020.02.23"]
[Round "5"]
[White "Sandipan, Chanda"]
[Black "Kardashevskiy, Evgeny"]
[Result "1-0"]
[WhiteElo "2552"]
[BlackElo "2437"]
[PlyCount "89"]
[EventDate "2020.02.19"]
[EventType "swiss"]
[EventRounds "9"]
[EventCountry "RUS"]
[SourceTitle "CBM 195"]
[Source "ChessBase"]
[SourceDate "2020.04.30"]
[SourceVersion "1"]
[SourceVersionDate "2020.04.30"]
[SourceQuality "1"]

1. d4 Nf6 2. c4 e6 3. Nc3 d5 4. cxd5 exd5 5. Bg5 Be7 6. e3 c6 7. Bd3 Nbd7 8.
Nge2 h6 9. Bh4 Nh5 10. Bxe7 Qxe7 11. Qd2 Nb6 12. f3 Be6 13. O-O O-O 14. g4 Nf6
15. Kh1 Rfe8 16. Rae1 Bd7 17. Ng3 c5 18. Rg1 Nc4 19. Bxc4 dxc4 20. Nf5 Bxf5 21.
gxf5 cxd4 22. exd4 Qf8 23. Ne4 Kh8 24. Rg2 Rad8 25. Reg1 Nxe4 26. fxe4 f6 27.
Rxg7 Qxg7 28. Rxg7 Kxg7 29. Qe3 Kf7 30. Kg2 Rd7 31. e5 fxe5 32. dxe5 Rd5 33.
e6+ Ke7 34. Qxh6 Rg8+ 35. Kh3 Rd3+ 36. Kh4 Rd4+ 37. Kh5 Rgg4 38. Qh7+ Kf6 39.
Qf7+ Ke5 40. h3 Rh4+ 41. Kg5 Rxh3 42. Qc7+ Kd5 43. Qxb7+ Ke5 44. Qc7+ Kd5 45.
e7 1-0

[Event "Moscow Aeroflot op-A"]
[Site "Moscow"]
[Date "2020.02.23"]
[Round "5"]
[White "Sarana, Alexey"]
[Black "Basso, Pier Luigi"]
[Result "1-0"]
[WhiteElo "2656"]
[BlackElo "2600"]
[PlyCount "189"]
[EventDate "2020.02.19"]
[EventType "swiss"]
[EventRounds "9"]
[EventCountry "RUS"]
[SourceTitle "CBM 195"]
[Source "ChessBase"]
[SourceDate "2020.04.30"]
[SourceVersion "1"]
[SourceVersionDate "2020.04.30"]
[SourceQuality "1"]

1. c4 c6 2. e4 d5 3. exd5 cxd5 4. d4 Nf6 5. Nc3 Nc6 6. Bg5 Be6 7. Bxf6 exf6 8.
c5 a6 9. Nge2 g6 10. g3 Bg7 11. Bg2 O-O 12. O-O f5 13. Qa4 f4 14. Nxf4 Bxd4 15.
Ncxd5 Bxd5 16. Bxd5 Qf6 17. Bxc6 bxc6 18. Rad1 Rfd8 19. b4 a5 20. bxa5 Bxc5 21.
Rxd8+ Qxd8 22. Qxc6 Qxa5 23. Rc1 Bf8 24. Rc2 Rd8 25. Re2 Qf5 26. Qc2 Qa5 27.
Nd3 Bg7 28. Ne1 Qd5 29. Qb3 Qd6 30. Nf3 Rb8 31. Qa4 Qd8 32. Qe4 Bf6 33. Kg2 Ra8
34. Rc2 Kg7 35. Qc6 Ra7 36. Nd2 Qd4 37. Qc4 Qd7 38. Qb3 Qd4 39. Qe3 Qa4 40. Qd3
Rd7 41. Qc4 Qa8+ 42. Qe4 Qa6 43. h4 Re7 44. Qf3 Qa4 45. Nb3 h5 46. Re2 Rc7 47.
Qd5 Qa6 48. Rd2 Qa7 49. Kh2 Re7 50. Rc2 Re5 51. Qc6 Re6 52. Qc4 Re1 53. Re2 Rd1
54. Qc2 Rd7 55. Qe4 Re7 56. Qf3 Rc7 57. Rd2 Rc3 58. Qe4 Qa6 59. Rc2 Qc8 60.
Rxc3 Qxc3 61. Kg2 Qb2 62. Qa4 Qc2 63. Qa5 Qe4+ 64. Kg1 Qb1+ 65. Kh2 Qc2 66. Qd2
Qc4 67. Nc1 Be5 68. Kg1 Bd4 69. Nd3 Bf6 70. Nf4 Bd4 71. Qe2 Qc3 72. Kh2 Qc5 73.
Nd3 Qc6 74. Ne1 Qc5 75. Kg2 Bf6 76. Nf3 Qc6 77. Qd3 g5 78. hxg5 Bxg5 79. a4 Bf6
80. a5 Qa4 81. a6 h4 82. Nxh4 Bxh4 83. gxh4 f5 84. Qg3+ Kh7 85. Qc7+ Kh6 86.
Qd6+ Kh7 87. Qc7+ Kh6 88. a7 Qe4+ 89. Kh2 Qxh4+ 90. Kg1 Qg5+ 91. Qg3 Qc1+ 92.
Kh2 Qc8 93. Qh3+ Kg5 94. Qg2+ Kf4 95. Qg3+ 1-0

[Event "Moscow Aeroflot op-A"]
[Site "Moscow"]
[Date "2020.02.23"]
[Round "5"]
[White "Sargissian, Gabriel"]
[Black "Ivic, Velimir"]
[Result "1-0"]
[WhiteElo "2689"]
[BlackElo "2558"]
[PlyCount "100"]
[EventDate "2020.02.19"]
[EventType "swiss"]
[EventRounds "9"]
[EventCountry "RUS"]
[SourceTitle "CBM 195"]
[Source "ChessBase"]
[SourceDate "2020.04.30"]
[SourceVersion "1"]
[SourceVersionDate "2020.04.30"]
[SourceQuality "1"]

1. d4 Nf6 2. c4 g6 3. Nc3 d5 4. Nf3 Bg7 5. Bg5 Ne4 6. Bf4 Nxc3 7. bxc3 c5 8.
cxd5 Qxd5 9. e3 O-O 10. Be2 cxd4 11. cxd4 Nc6 12. O-O Bf5 13. Qa4 Qa5 14. Qxa5
Nxa5 15. Nd2 Rac8 16. g4 Be6 17. Rfc1 Rxc1+ 18. Rxc1 Rc8 19. Rxc8+ Bxc8 20. d5
Bc3 21. Ne4 Bb4 22. Bb8 f5 23. Ng3 Bc5 24. gxf5 gxf5 25. Bd3 e6 26. e4 fxe4 27.
Nxe4 Bd4 28. Nd6 Bd7 29. Bb5 Bxb5 30. Nxb5 e5 31. Bxa7 Bxa7 32. Nxa7 Nc4 33.
Nb5 e4 34. Nc3 e3 35. fxe3 Nxe3 36. Kf2 Nc4 37. Kf3 Kf7 38. Kf4 Ke7 39. h4 Kd6
40. Kg5 Ne3 41. h5 Nf1 42. Kf6 Ng3 43. h6 Nh5+ 44. Kf7 Nf4 45. Kg7 Ke7 46. d6+
Kxd6 47. Kxh7 Ke5 48. Kg8 Nh5 49. Ne4 Kxe4 50. Kf7 Kd5 1-0

[Event "Moscow Aeroflot op-A"]
[Site "Moscow"]
[Date "2020.02.23"]
[Round "5"]
[White "Sargsyan, Shant"]
[Black "Jumabayev, Rinat"]
[Result "0-1"]
[WhiteElo "2594"]
[BlackElo "2646"]
[PlyCount "160"]
[EventDate "2020.02.19"]
[EventType "swiss"]
[EventRounds "9"]
[EventCountry "RUS"]
[SourceTitle "CBM 195"]
[Source "ChessBase"]
[SourceDate "2020.04.30"]
[SourceVersion "1"]
[SourceVersionDate "2020.04.30"]
[SourceQuality "1"]

1. Nf3 d6 2. d4 f5 3. g3 Nf6 4. Bg2 g6 5. O-O Bg7 6. c4 O-O 7. Nc3 c6 8. d5 e5
9. dxe6 Bxe6 10. Qd3 Nbd7 11. Bf4 d5 12. Ng5 Nc5 13. Qd1 d4 14. Na4 Nfd7 15. b4
h6 16. Nxe6 Nxe6 17. Bd6 Re8 18. c5 Nf6 19. Be5 Ne4 20. Bxg7 Kxg7 21. Qc2 Qf6
22. Rad1 Rad8 23. Rd3 h5 24. Nb2 a5 25. a3 axb4 26. axb4 Nc7 27. Nc4 Nb5 28. e3
h4 29. f3 Nec3 30. e4 hxg3 31. hxg3 Qe6 32. Na5 Re7 33. Re1 fxe4 34. fxe4 Rf8
35. Nb3 Qf6 36. Qd2 Rd8 37. Qf4 Qe6 38. Nd2 Nd5 39. Qg5 Rh8 40. Nf3 Nxb4 41.
Nxd4 Nxd4 42. Rxd4 Rh5 43. Qf4 Nd5 44. Qd6 Qe5 45. Qxe5+ Rhxe5 46. Rc1 Nf6 47.
Rb4 Nxe4 48. Bxe4 Rxe4 49. Rxe4 Rxe4 50. Rb1 Re7 51. Kf2 Kf6 52. Kf3 Kf5 53.
Rb4 Rd7 54. Ke3 Rd5 55. Rxb7 Kg4 56. Kf2 Rd2+ 57. Ke3 Rd5 58. Kf2 g5 59. Rb2
Kh3 60. Rc2 g4 61. Rc1 Rf5+ 62. Kg1 Kxg3 63. Rc2 Rd5 64. Rc3+ Kf4 65. Kf2 Rd2+
66. Ke1 Rd4 67. Ke2 Ke4 68. Rc1 Kd5 69. Ke3 Rc4 70. Rh1 Kxc5 71. Rh5+ Kb6 72.
Rg5 Ra4 73. Kd3 c5 74. Rg8 Rd4+ 75. Kc3 Kb5 76. Rb8+ Kc6 77. Rg8 Kd6 78. Re8
Kd5 79. Rg8 Ke5 80. Rg5+ Kf4 0-1

[Event "Moscow Aeroflot op-A"]
[Site "Moscow"]
[Date "2020.02.23"]
[Round "5"]
[White "Savchenko, Boris"]
[Black "Sunilduth Lyna, Narayanan"]
[Result "1-0"]
[WhiteElo "2573"]
[BlackElo "2637"]
[PlyCount "119"]
[EventDate "2020.02.19"]
[EventType "swiss"]
[EventRounds "9"]
[EventCountry "RUS"]
[SourceTitle "CBM 195"]
[Source "ChessBase"]
[SourceDate "2020.04.30"]
[SourceVersion "1"]
[SourceVersionDate "2020.04.30"]
[SourceQuality "1"]

1. e4 c5 2. Nf3 d6 3. d4 cxd4 4. Nxd4 Nf6 5. Nc3 a6 6. f3 e5 7. Nb3 Be6 8. Be3
Be7 9. Qd2 O-O 10. O-O-O Nbd7 11. g4 b5 12. g5 Nh5 13. Nd5 Bxd5 14. exd5 f6 15.
gxf6 Bxf6 16. Kb1 Kh8 17. Na5 Nf4 18. Nc6 Qe8 19. Rg1 Qh5 20. Bxf4 exf4 21.
Qxf4 Be5 22. Qb4 Qxh2 23. Bd3 Qf4 24. Qa5 Nc5 25. Bg6 Qf6 26. Nxe5 dxe5 27. Be4
Rad8 28. Qc7 Rc8 29. Qa5 Nxe4 30. fxe4 Qf2 31. c3 Rf6 32. Qb4 Rf7 33. Qd6 Qf6
34. Qxf6 gxf6 35. Kc2 Rc4 36. Rg4 f5 37. Rg5 Rxe4 38. d6 Rd7 39. Rxf5 Kg7 40.
Rg1+ Kh6 41. Rf2 Kh5 42. Rh2+ Rh4 43. Rxh4+ Kxh4 44. Rd1 Kg4 45. b3 Kf5 46. c4
bxc4 47. bxc4 Ke6 48. c5 h5 49. Kc3 h4 50. Kb4 h3 51. c6 Rxd6 52. Rc1 Rd8 53.
c7 Rc8 54. Ka5 h2 55. Kb6 e4 56. Rh1 e3 57. Rxh2 Kd6 58. Rc2 a5 59. Kb7 Kd7 60.
a4 1-0

[Event "Moscow Aeroflot op-A"]
[Site "Moscow"]
[Date "2020.02.23"]
[Round "5"]
[White "Sengupta, Deep"]
[Black "Zarubitski, Viachaslau"]
[Result "1/2-1/2"]
[WhiteElo "2534"]
[BlackElo "2432"]
[PlyCount "81"]
[EventDate "2020.02.19"]
[EventType "swiss"]
[EventRounds "9"]
[EventCountry "RUS"]
[SourceTitle "CBM 195"]
[Source "ChessBase"]
[SourceDate "2020.04.30"]
[SourceVersion "1"]
[SourceVersionDate "2020.04.30"]
[SourceQuality "1"]

1. e4 c5 2. Nf3 e6 3. d4 cxd4 4. Nxd4 Nc6 5. c4 Nf6 6. Nc3 Bb4 7. Nxc6 bxc6 8.
Bd3 e5 9. O-O O-O 10. Qe2 Qe7 11. Na4 d5 12. Bg5 dxc4 13. Bxc4 h6 14. Bxf6 Qxf6
15. Rfd1 Ba5 16. Rd3 Qe7 17. Rc1 Bb7 18. Qe3 Rfd8 19. Rxd8+ Bxd8 20. Bb3 Qg5
21. Qxg5 Bxg5 22. Rc5 Bf6 23. Ra5 Bc8 24. h3 Kf8 25. Kf1 g6 26. Ke2 Be7 27. a3
f6 28. Bc4 Bd8 29. Rc5 Ke7 30. h4 Rb8 31. b4 Kd6 32. Bf7 g5 33. hxg5 hxg5 34.
Be8 Bb7 35. Rc2 Bb6 36. Nxb6 axb6 37. Bg6 c5 38. Rd2+ Ke7 39. Bf5 Bc6 40. Rc2
Kd6 41. Rd2+ 1/2-1/2

[Event "Moscow Aeroflot op-A"]
[Site "Moscow"]
[Date "2020.02.23"]
[Round "5"]
[White "Shubin, Kirill"]
[Black "Abdumalik, Zhansaya"]
[Result "1/2-1/2"]
[WhiteElo "2427"]
[BlackElo "2471"]
[PlyCount "43"]
[EventDate "2020.02.19"]
[EventType "swiss"]
[EventRounds "9"]
[EventCountry "RUS"]
[SourceTitle "CBM 195"]
[Source "ChessBase"]
[SourceDate "2020.04.30"]
[SourceVersion "1"]
[SourceVersionDate "2020.04.30"]
[SourceQuality "1"]

1. e4 e5 2. Nf3 Nc6 3. Bb5 a6 4. Ba4 Nf6 5. O-O Be7 6. d3 b5 7. Bb3 d6 8. a3
O-O 9. Nc3 Na5 10. Ba2 Be6 11. b4 Bxa2 12. Rxa2 Nc6 13. Bg5 Ng4 14. Bxe7 Nxe7
15. h3 Nf6 16. Qa1 c6 17. a4 a5 18. Rb1 axb4 19. Rxb4 bxa4 20. Raxa4 Rxa4 21.
Qxa4 Qa8 22. Qxa8 1/2-1/2

[Event "Moscow Aeroflot op-A"]
[Site "Moscow"]
[Date "2020.02.23"]
[Round "5"]
[White "Sindarov, Javokhir"]
[Black "Durarbayli, Vasif"]
[Result "0-1"]
[WhiteElo "2537"]
[BlackElo "2625"]
[PlyCount "98"]
[EventDate "2020.02.19"]
[EventType "swiss"]
[EventRounds "9"]
[EventCountry "RUS"]
[SourceTitle "CBM 195"]
[Source "ChessBase"]
[SourceDate "2020.04.30"]
[SourceVersion "1"]
[SourceVersionDate "2020.04.30"]
[SourceQuality "1"]

1. e4 c5 2. Nc3 a6 3. Nge2 d6 4. d4 cxd4 5. Nxd4 Nf6 6. Be3 e5 7. Nf3 Be7 8.
Bc4 Be6 9. Bb3 Nbd7 10. O-O Rc8 11. Re1 b5 12. Qe2 Qc7 13. h3 Bc4 14. Bxc4 Qxc4
15. Qxc4 Rxc4 16. Nd2 Rc6 17. Rac1 O-O 18. a3 Rfc8 19. Red1 Bd8 20. f3 Ba5 21.
Ndb1 h6 22. Rd3 Kf8 23. Rcd1 Ke7 24. Kh2 Bb6 25. Bxb6 Nxb6 26. b3 Nh5 27. Na2
Rxc2 28. Nb4 Rb2 29. Nc3 a5 30. Ncd5+ Nxd5 31. Nxd5+ Kf8 32. Ne3 g6 33. Rxd6
Nf4 34. R1d2 Rxd2 35. Rxd2 Rc3 36. Ng4 Nd3 37. Nxe5 Nxe5 38. Rd5 Nd3 39. Rxb5
a4 40. bxa4 Rxa3 41. a5 Ra2 42. Kg3 Kg7 43. e5 g5 44. h4 Nf4 45. hxg5 hxg5 46.
Kg4 Rxg2+ 47. Kf5 Ne6 48. Rb6 Ra2 49. a6 Ra4 0-1

[Event "Moscow Aeroflot op-A"]
[Site "Moscow"]
[Date "2020.02.23"]
[Round "5"]
[White "Sivuk, Vitaly"]
[Black "Krishna, CRG."]
[Result "0-1"]
[WhiteElo "2557"]
[BlackElo "2443"]
[PlyCount "74"]
[EventDate "2020.02.19"]
[EventType "swiss"]
[EventRounds "9"]
[EventCountry "RUS"]
[SourceTitle "CBM 195"]
[Source "ChessBase"]
[SourceDate "2020.04.30"]
[SourceVersion "1"]
[SourceVersionDate "2020.04.30"]
[SourceQuality "1"]

1. d4 f5 2. Nc3 d5 3. Bf4 a6 4. e3 Nf6 5. Nf3 e6 6. Bd3 c5 7. dxc5 Bxc5 8. O-O
Nc6 9. Ne2 O-O 10. c4 Qe7 11. cxd5 Nxd5 12. Bg5 Nf6 13. Rc1 Bd7 14. Nf4 Bd6 15.
Qb3 Kh8 16. Rfd1 Rad8 17. Be2 b5 18. Nh4 Ne5 19. Rc2 Bb8 20. Rcd2 Qf7 21. Qa3
Rde8 22. Qxa6 Ne4 23. Bh5 g6 24. Nhxg6+ hxg6 25. Nxg6+ Nxg6 26. Rxd7 Qg8 27.
Bh6 Rf7 28. Qxb5 Nf6 29. Rxf7 Qxf7 30. Bf3 Nh4 31. Bc6 Qh5 32. Rd4 Bxh2+ 33.
Kh1 Rb8 34. Qc4 Be5 35. g4 Nxg4 36. Qxe6 Nf3+ 37. Kg2 Qh2+ 0-1

[Event "Moscow Aeroflot op-A"]
[Site "Moscow"]
[Date "2020.02.23"]
[Round "5"]
[White "Soumya, Swaminathan"]
[Black "Kozionov, Kirill"]
[Result "1/2-1/2"]
[WhiteElo "2369"]
[BlackElo "2466"]
[PlyCount "79"]
[EventDate "2020.02.19"]
[EventType "swiss"]
[EventRounds "9"]
[EventCountry "RUS"]
[SourceTitle "CBM 195"]
[Source "ChessBase"]
[SourceDate "2020.04.30"]
[SourceVersion "1"]
[SourceVersionDate "2020.04.30"]
[SourceQuality "1"]

1. d4 Nf6 2. c4 g6 3. Nc3 Bg7 4. e4 d6 5. Nf3 O-O 6. Be2 e5 7. d5 a5 8. Bg5 h6
9. Be3 Ng4 10. Bd2 f5 11. h3 Nf6 12. exf5 gxf5 13. Qc1 f4 14. g3 e4 15. Nh4 e3
16. fxe3 fxg3 17. Ng6 Re8 18. Rg1 Na6 19. Rxg3 Bf5 20. Bf3 Nb4 21. Nf4 Qd7 22.
Kf2 Re7 23. Qh1 Nd3+ 24. Nxd3 Bxd3 25. Rag1 Rf8 26. Ke1 Bxc4 27. Qg2 Rff7 28.
Kd1 b5 29. b3 Bd3 30. Ne2 Ne4 31. Bg4 Bxe2+ 32. Kxe2 Nxg3+ 33. Qxg3 Qe8 34. Be6
Rxe6 35. dxe6 Qxe6 36. Bc3 Qe4 37. Bxg7 Qc2+ 38. Ke1 Qc1+ 39. Ke2 Qc2+ 40. Ke1
1/2-1/2

[Event "Moscow Aeroflot op-A"]
[Site "Moscow"]
[Date "2020.02.23"]
[Round "5"]
[White "Suleymanli, Aydin Elshan"]
[Black "Martirosyan, Haik M"]
[Result "1/2-1/2"]
[WhiteElo "2474"]
[BlackElo "2630"]
[PlyCount "69"]
[EventDate "2020.02.19"]
[EventType "swiss"]
[EventRounds "9"]
[EventCountry "RUS"]
[SourceTitle "CBM 195"]
[Source "ChessBase"]
[SourceDate "2020.04.30"]
[SourceVersion "1"]
[SourceVersionDate "2020.04.30"]
[SourceQuality "1"]

1. d4 Nf6 2. c4 e6 3. Nc3 Bb4 4. Qc2 c5 5. dxc5 Bxc5 6. Nf3 Qb6 7. e3 Be7 8. g4
h6 9. Rg1 Nc6 10. h4 h5 11. gxh5 Nxh5 12. Bd2 d6 13. Be2 Bd7 14. a3 O-O-O 15.
b4 Kb8 16. b5 Na5 17. Na4 Qc7 18. Rb1 Nf6 19. b6 axb6 20. Nxb6 Nc6 21. Rg5 d5
22. cxd5 Nxd5 23. Nxd5 exd5 24. Rxd5 Bxh4 25. Nxh4 Rxh4 26. Bf3 Rh6 27. Rdb5
Bc8 28. Ba5 Nxa5 29. Qxc7+ Kxc7 30. Rxa5 Rf6 31. Ke2 Kb8 32. Rab5 Rd7 33. a4
Rc7 34. Be4 Ka7 35. Ke1 1/2-1/2

[Event "Moscow Aeroflot op-A"]
[Site "Moscow"]
[Date "2020.02.23"]
[Round "5"]
[White "Svane, Rasmus"]
[Black "Zanan, Evgeny"]
[Result "1/2-1/2"]
[WhiteElo "2608"]
[BlackElo "2500"]
[PlyCount "43"]
[EventDate "2020.02.19"]
[EventType "swiss"]
[EventRounds "9"]
[EventCountry "RUS"]
[SourceTitle "CBM 195"]
[Source "ChessBase"]
[SourceDate "2020.04.30"]
[SourceVersion "1"]
[SourceVersionDate "2020.04.30"]
[SourceQuality "1"]

1. Nf3 c5 2. c4 Nc6 3. Nc3 e5 4. e3 Nf6 5. d4 e4 6. d5 exf3 7. dxc6 bxc6 8. e4
Qc7 9. Qxf3 Bd6 10. g3 Be5 11. Bg2 O-O 12. Bf4 Rb8 13. Bxe5 Qxe5 14. Qe2 d5 15.
f4 Qd4 16. Rd1 Bg4 17. Rxd4 Bxe2 18. Rd2 Bxc4 19. b3 Ba6 20. exd5 cxd5 21. Nxd5
c4 22. Nxf6+ 1/2-1/2